Normal görünüm
MARC görünümü
Giriş Corporate Name
001 - CONTROL NUMBER
- control field: 3466
003 - CONTROL NUMBER IDENTIFIER
- control field: TR-AnABB
005 - DATE AND TIME OF LATEST TRANSACTION
- control field: 20260415100857.0
008 - FIXED-LENGTH DATA ELEMENTS
- fixed length control field: 260415|| aca||aabn | a|a d
040 ## - CATALOGING SOURCE
- Original cataloging agency: TR-AnABB
- Transcribing agency: TR-AnABB
110 ## - HEADING--CORPORATE NAME
- Corporate name or jurisdiction name as entry element: T.C.
- Subordinate unit: Kalkınma Bakanlığı
670 ## - SOURCE DATA FOUND
- Source citation: Koha: (TR-AnABB)10260: T.C. Kalkınma Bakanlığı, Bölgesel gelişme ulusal stratejisi 2014-2023 /, 2013
